Psychotherapy through the group process / (Record no. 30821)
[ view plain ]
| 000 -LEADER | |
|---|---|
| fixed length control field | 00780nam a22002532 4500 |
| 001 - CONTROL NUMBER | |
| control field | 30821 |
| 003 - CONTROL NUMBER IDENTIFIER | |
| rucl marc code | BD-RjUL |
| 005 - DATE AND TIME OF LATEST TRANSACTION | |
| control field | 20211209051624.0 |
| 008 - FIXED-LENGTH DATA ELEMENTS--GENERAL INFORMATION | |
| fixed length control field | 140412s1965 enk b 000 0 eng d |
| 035 ## - SYSTEM CONTROL NUMBER | |
| System control number | (BD-RjUL)30908 |
| System control number | recon |
| 040 ## - CATALOGING SOURCE | |
| Original cataloging agency | AAA |
| Transcribing agency | AAA |
| Modifying agency | UKM |
| -- | BD-RjUL |
| Language of cataloging | eng |
| 041 ## - LANGUAGE CODE | |
| Language code of text/sound track or separate title | eng |
| 082 04 - DEWEY DECIMAL CLASSIFICATION NUMBER | |
| Classification number | 616.8915 |
| Edition number | 18 |
| Author mark and year | WHP 1965 |
| 090 ## - LOCALLY ASSIGNED LC-TYPE CALL NUMBER (OCLC); LOCAL CALL NUMBER (OCLC) | |
| Classification number (OCLC) (R) ; Classification number, CALL (RLIN) (NR) | RC488 |
| Local cutter number (OCLC) ; Book number/undivided call number, CALL (RLIN) | .W46 1965 |
| 100 1# - MAIN ENTRY--PERSONAL NAME | |
| Personal name | Whitaker, Dorothy Stock, |
| Dates associated with a name | 1925- |
| 9 (RLIN) | 93622 |
| 245 10 - TITLE STATEMENT | |
| Title | Psychotherapy through the group process / |
| Statement of responsibility, etc. | Dorothy Stock Whitaker & Morton A. Lieberman. |
| 260 ## - PUBLICATION, DISTRIBUTION, ETC. (IMPRINT) | |
| Place of publication, distribution, etc. | London : |
| Name of publisher, distributor, etc. | Tavistock Publications, |
| Date of publication, distribution, etc. | 1965 |
| 300 ## - PHYSICAL DESCRIPTION | |
| Pagination | x, 305 p. : |
| Size | 24 cm. |
| 504 ## - BIBLIOGRAPHY, ETC. NOTE | |
| Bibliography, etc | Bibliography: p. [295]-299. |
| 650 #0 - SUBJECT ADDED ENTRY--TOPICAL TERM | |
| Topical term or geographic name as entry element | Group psychotherapy. |
| 9 (RLIN) | 3640 |
| 700 1# - ADDED ENTRY--PERSONAL NAME | |
| Personal name | Lieberman, Morton A., |
| Dates associated with a name | 1931- |
| 942 ## - ADDED ENTRY ELEMENTS (KOHA) | |
| Source of classification or shelving scheme | Dewey Decimal Classification |
| Koha item type | Books |
| Lost status | Source of classification or shelving scheme | Damaged status | Not for loan | Collection code | Permanent Location | Current Location | Shelving location | Date acquired | Source of acquisition | Cost, normal purchase price | Total Checkouts | Full call number | Date last seen | Copy number | Koha item type |
|---|---|---|---|---|---|---|---|---|---|---|---|---|---|---|---|
| Dewey Decimal Classification | Not For Loan | Non-fiction | Central Library, University of Rajshahi | Central Library, University of Rajshahi | Reading Room | 29/06/1976 | Publishers Ltd. | 200.00 | 616.8915 WHP 1965 | 12/04/2014 | C-1 | Books |